00687nam a2200181Ia 4500952014400000999001700144003000400161005001700165008004100182020001800223040000900241082001900250100002600269245011500295260004100410300001000451942004400461 00102ddc40708POLITICAL SCIENCEaMESbMEScPOLd2019-02-20g995.00l0o320.954 KOT/Pp34735r2019-02-20 00:00:00w2019-02-20yBKzGL10R2 c34909d34909OSt20200605113136.0190216s9999||||xx |||||||||||||| ||und|| a9788125037552 coclc a320.954bKOT/P aKothari, Rajni 91700 0aPolitics In India Caste In Indian Politics Rethinking Democracy The Writings Of Rajni Kothari /cRajni Kothari bOrient Black Swansc2009.aHyderbad: a1007p cBK2ddch320.954iKOT/Pk320.954mKOT/P